[Event "56th Biel Master Open"]
[Site "Biel SUI"]
[Date "2023.07.18"]
[Round "2.15"]
[White "Nie, Xinyang"]
[Black "Rathanvel, V S"]
[Result "1/2-1/2"]
[BlackTitle "IM"]
[WhiteElo "2288"]
[BlackElo "2463"]
[WhiteFideId "8607222"]
[BlackFideId "25002112"]
[EventDate "2023.07.17"]

1. d4 Nf6 2. c4 e6 3. Nc3 Bb4 4. e3 O-O 5. Bd3 d5 6. Ne2 dxc4 7. Bxc4 c5 8. O-O
cxd4 9. exd4 Nc6 10. Bg5 h6 11. Bh4 Be7 12. a3 Nh5 13. Bxe7 Nxe7 14. d5 exd5 15.
Nxd5 Be6 16. Nec3 Nxd5 17. Bxd5 Bxd5 18. Qxd5 Qxd5 19. Nxd5 Rfd8 20. Rfd1 Rd7
21. Nc3 Rad8 22. Rxd7 1/2-1/2

[Event "56th Biel Master Open"]
[Site "Biel SUI"]
[Date "2023.07.18"]
[Round "2.21"]
[White "Erdos, Viktor"]
[Black "Matsumura, Cocoro"]
[Result "1-0"]
[WhiteTitle "GM"]
[WhiteElo "2571"]
[BlackElo "2081"]
[WhiteFideId "719978"]
[BlackFideId "36087114"]
[EventDate "2023.07.17"]

1. e4 c5 2. Nf3 d6 3. Bb5+ Nd7 4. c4 Nf6 5. Nc3 g6 6. h3 Bg7 7. d3 O-O 8. Ba4
Ne8 9. O-O f5 10. exf5 gxf5 11. Bg5 h6 12. Bh4 Ne5 13. Nxe5 dxe5 14. Qe2 Rf7 15.
Nd5 Nc7 16. f4 Nxd5 17. cxd5 Qd6 18. Rae1 e6 19. Bb3 exd5 20. fxe5 Qe6 21. Rf4
b5 22. Qf3 Bb7 23. d4 c4 24. Bc2 Raf8 25. Qh5 Bc6 26. Ref1 Bd7 27. Be1 Qb6 28.
Kh1 a5 29. R1f3 b4 30. Rg3 Be8 31. Bd2 Qe6 32. Qf3 Kh8 33. Rh4 Rc7 34. Rxg7 Kxg7
35. Bxh6+ Qxh6 36. Rxh6 Kxh6 37. Qxd5 Rcf7 38. Qd6+ Kh7 39. e6 Rf6 40. d5 1-0

[Event "56th Biel Master Open"]
[Site "Biel SUI"]
[Date "2023.07.18"]
[Round "2.29"]
[White "Huston, Gus"]
[Black "Papaux, Steve"]
[Result "1/2-1/2"]
[WhiteTitle "FM"]
[WhiteElo "2341"]
[BlackElo "2064"]
[WhiteFideId "30909090"]
[BlackFideId "1337602"]
[EventDate "2023.07.17"]

1. d4 d5 2. c4 c6 3. Nf3 Nf6 4. cxd5 cxd5 5. Nc3 Nc6 6. Bf4 Bf5 7. e3 e6 8. Qb3
Qb6 9. Qxb6 axb6 10. Nh4 Bg6 11. Nxg6 hxg6 12. Bb5 Bb4 13. Ke2 Bxc3 14. bxc3 Ne4
15. Rhc1 g5 16. Bg3 Ra3 17. c4 Kd7 18. Rc2 Rha8 19. cxd5 exd5 20. Rb2 Rxa2 21.
Raxa2 Rxa2 22. Rxa2 Nc3+ 23. Kd3 Nxa2 24. f3 Nb4+ 25. Kc3 Na6 26. Ba4 Nc7 27. e4
f6 28. Kd3 b5 29. Bb3 Ne7 30. Be1 f5 31. Bd2 g4 32. exf5 gxf3 33. g4 Nc6 34. Be3
Na5 35. Bd1 b4 36. Bxf3 b3 37. Bf4 Nc4 38. Bd1 b2 39. Ba4+ b5 40. Bc2 Ne8 41. g5
b4 42. Ba4+ Ke7 43. Kc2 Ned6 44. Bxd6+ Nxd6 45. Kxb2 1/2-1/2

[Event "56th Biel Master Open"]
[Site "Biel SUI"]
[Date "2023.07.18"]
[Round "2.48"]
[White "Jaivardhan, Raj"]
[Black "Adocchio, Giampiero"]
[Result "1/2-1/2"]
[WhiteTitle "CM"]
[WhiteElo "2009"]
[BlackElo "2165"]
[WhiteFideId "25744437"]
[BlackFideId "4666011"]
[EventDate "2023.07.17"]

1. e4 e6 2. d4 d5 3. Nd2 c5 4. exd5 Qxd5 5. Ngf3 cxd4 6. Bc4 Qd6 7. O-O Nf6 8.
Nb3 Nc6 9. Nbxd4 Nxd4 10. Nxd4 Be7 11. c3 O-O 12. Qf3 Qc7 13. Bd3 Bd7 14. Bg5 h6
15. Bh4 Rfd8 16. Bg3 Bd6 17. Bxd6 1/2-1/2

[Event "56th Biel Master Open"]
[Site "Biel SUI"]
[Date "2023.07.18"]
[Round "2.49"]
[White "Wang, Chuqiao"]
[Black "Schnell, Simon"]
[Result "1-0"]
[WhiteElo "2161"]
[BlackElo "2029"]
[WhiteFideId "8631638"]
[BlackFideId "1345311"]
[EventDate "2023.07.17"]

1. d4 Nf6 2. c4 g6 3. Nc3 d5 4. cxd5 Nxd5 5. Bd2 Bg7 6. e4 Nb6 7. Be3 O-O 8. Nf3
Bg4 9. Qd3 Nc6 10. Rd1 f5 11. exf5 Bxf5 12. Qd2 Nb4 13. Rc1 c6 14. Bh6 Qd6 15.
Bxg7 Kxg7 16. Be2 Rad8 17. O-O N4d5 18. Bd3 Bxd3 19. Qxd3 Qf6 20. Rfe1 Nf4 21.
Qe3 Nbd5 22. Nxd5 Nxd5 23. Qe4 Rde8 24. Rc2 Nf4 25. Rc5 Nd5 26. Ra5 a6 27. Ra3
Qf5 28. Rb3 Rb8 29. Qxf5 gxf5 30. Ng5 Rg8 31. Ne6+ Kf7 32. Rh3 Nf6 33. Rf3 Rg4
34. Rxf5 Kg6 35. Rfe5 Nd5 36. g3 Kf7 37. h3 Rg6 38. Nc7 e6 39. Nxe6 Nb4 1-0

[Event "56th Biel Master Open"]
[Site "Biel SUI"]
[Date "2023.07.19"]
[Round "3.7"]
[White "Albornoz Cabrera, Carlos Daniel"]
[Black "Sukandar, Irine Kharisma"]
[Result "1/2-1/2"]
[WhiteTitle "GM"]
[BlackTitle "IM"]
[WhiteElo "2591"]
[BlackElo "2358"]
[WhiteFideId "3518736"]
[BlackFideId "7101937"]
[EventDate "2023.07.17"]

1. e4 e5 2. Nf3 Nc6 3. Bb5 a6 4. Ba4 Nf6 5. O-O Be7 6. Re1 b5 7. Bb3 d6 8. c3
O-O 9. h3 a5 10. d4 Bd7 11. a3 a4 12. Ba2 h6 13. Nbd2 Re8 14. b4 axb3 15. Qxb3
Rf8 16. Qc2 Re8 17. Bb2 Bf8 18. Re3 Na5 19. dxe5 dxe5 20. c4 bxc4 21. Nxe5 Be6
22. Ndxc4 Nxc4 23. Bxc4 Qe7 24. Bb5 Nd7 25. Nxd7 Bxd7 26. Bc4 Be6 27. Bb5 Bd7
28. Bxd7 Qxd7 29. Rg3 Re6 30. Rc1 Rb8 31. Ba1 Qe7 32. Qc3 f6 33. Qc4 Kh8 34. Re3
Re8 35. Rce1 Qc5 36. Qe2 Bd6 37. Qg4 Qb6 38. Qg6 Bf4 39. R3e2 Qa6 40. Bb2 c5 41.
Qg4 Qd6 42. Bc3 R6e7 43. g3 Be5 44. Bxe5 Rxe5 45. Re3 c4 46. Qe2 Qc6 47. Qc2 Qe6
48. h4 Rd8 49. Qc3 Rb5 50. Rc1 Rc8 51. Qd4 Re5 52. Rb1 Rec5 53. Qc3 Re5 54. Qc2
Qc6 55. Rc1 Qe6 56. Rd1 Rec5 57. Qc3 Rb5 58. Rc1 Rb3 59. Qd4 Rxe3 60. Qxe3 Rd8
61. Rc3 Qc6 62. Kh2 Re8 63. Qf3 Rd8 64. Kg2 Qc5 65. a4 Qb4 66. a5 Qb5 67. Qe3
Rd3 68. Rxd3 cxd3 69. Qd4 Qxa5 70. Qxd3 Qa8 71. Qd5 Qb8 72. h5 Qe8 73. Kh3 Qc8+
74. Qf5 Qc1 75. Kg2 Qc7 76. Qd5 Qc3 77. Qf5 Qd4 78. Qc8+ Kh7 79. Qc2 Kh8 80. Kf3
Qa1 81. Kg4 Qa6 82. Qc5 Qe6+ 83. Kf4 Qd7 84. Ke3 Qd1 85. Qc8+ Kh7 86. Qf5+ Kh8
87. Qd5 Qe1+ 88. Kf3 Qf1 89. Qd8+ Kh7 90. Qd4 Qb5 91. Qd5 Qf1 92. Qf5+ Kh8 93.
Kg4 Qe2+ 94. f3 Qe3 95. Qd5 Qe2 96. e5 fxe5 97. Kf5 Qh2 98. Kg4 Qb2 99. Qa8+ Kh7
100. Qe4+ Kh8 101. Kf5 Qa3 102. Qd5 Qe3 103. Qa8+ Kh7 104. Qe4 Qc3 105. g4 Qc7
106. Qxe5 Qf7+ 107. Ke4 Qc4+ 108. Qd4 Qc6+ 109. Qd5 Qa4+ 110. Kf5 Qa6 111. Kf4
Kh8 112. Kg3 Qf1 113. Qd8+ Kh7 114. Qd4 Qe1+ 115. Kf4 Qc1+ 116. Ke5 Qc7+ 117.
Ke4 Qe7+ 118. Kd3 Qa3+ 119. Ke2 Qa2+ 120. Ke3 Qg2 121. Kf4 Qh2+ 122. Kf5 Qc7
123. Qe4 Kh8 124. Qe8+ Kh7 125. Qe6 Qc5+ 126. Kf4 Qc1+ 127. Qe3 Qc7+ 128. Ke4
Qe7+ 129. Kd3 Qa3+ 130. Ke2 Qb2+ 131. Kf1 Qh2 132. Qf2 Qh1+ 133. Ke2 Kh8 134.
Qd4 Qg2+ 135. Ke3 Qg1+ 136. Ke4 Qb1+ 137. Kf4 Qc1+ 138. Kg3 Qe1+ 139. Kg2 Qe2+
140. Qf2 Qd1 141. Kg3 Qd3 142. Qc5 Qf1 143. Qe3 Qa1 144. f4 Qa8 145. g5 hxg5
146. fxg5 Qb8+ 147. Qf4 Qe8 148. Qf3 Qe5+ 149. Kg4 Qe6+ 150. Kf4 Qf7+ 151. Kg3
Qc7+ 152. Qf4 Qc3+ 153. Kg4 Qc8+ 154. Kh4 Qe8 155. g6 Qe7+ 156. Kg4 Qe6+ 157.
Kf3 Qd5+ 158. Kf2 Qc5+ 159. Qe3 Qc2+ 160. Kg3 Qc7+ 161. Kf3 Qc6+ 162. Qe4 Qc3+
163. Kf4 Qc7+ 164. Qe5 Qc1+ 165. Ke4 Qc4+ 166. Qd4 Qc6+ 167. Qd5 Qxg6+ 1/2-1/2

[Event "56th Biel Master Open"]
[Site "Biel SUI"]
[Date "2023.07.19"]
[Round "3.12"]
[White "Deuer, Marius"]
[Black "Bharath, Subramaniyam H"]
[Result "1-0"]
[WhiteTitle "FM"]
[BlackTitle "GM"]
[WhiteElo "2374"]
[BlackElo "2488"]
[WhiteFideId "16236432"]
[BlackFideId "46634827"]
[EventDate "2023.07.17"]

1. d4 Nf6 2. c4 e6 3. Nc3 Bb4 4. e3 b6 5. Ne2 Ne4 6. Qc2 Bb7 7. a3 Bxc3+ 8. Nxc3
Nxc3 9. Qxc3 d6 10. b4 Nd7 11. h4 a5 12. Bb2 axb4 13. axb4 Rxa1+ 14. Bxa1 f5 15.
f3 O-O 16. Be2 Nf6 17. O-O Nh5 18. Qe1 f4 19. exf4 Nxf4 20. Bd1 Qf6 21. g3 Qg6
22. Kh2 Ra8 23. Bb3 Nh5 24. Bb2 h6 25. g4 Nf4 26. Kg3 Rf8 27. Qd2 Qf6 28. Bc2
Bxf3 29. Bd1 Ng6 30. g5 hxg5 31. hxg5 Qe7 32. Rxf3 Rf5 33. Rxf5 exf5 34. Bc2 Qe6
35. d5 Qd7 36. Qd3 f4+ 37. Kf2 Qg4 38. Ke1 Qg1+ 39. Kd2 Nf8 40. g6 Qg5 41. Qf5
Qg2+ 42. Kc3 Qg3+ 43. Bd3 Qe1+ 44. Kb3 Qe8 45. Qxf4 Nxg6 46. Qe4 Qxe4 47. Bxe4
Ne7 48. Bc1 Kf7 49. Bg5 1-0

[Event "56th Biel Master Open"]
[Site "Biel SUI"]
[Date "2023.07.19"]
[Round "3.16"]
[White "Rathanvel, V S"]
[Black "Haimovich, Tal"]
[Result "1/2-1/2"]
[WhiteTitle "IM"]
[BlackTitle "IM"]
[WhiteElo "2463"]
[BlackElo "2374"]
[WhiteFideId "25002112"]
[BlackFideId "2801698"]
[EventDate "2023.07.17"]

1. e4 e5 2. Nf3 Nc6 3. Bb5 a6 4. Ba4 d6 5. O-O Bd7 6. c4 g6 7. d4 Bg7 8. Bxc6
Bxc6 9. dxe5 dxe5 10. Qc2 Ne7 11. Nc3 Bd7 12. Be3 O-O 13. Rfd1 Qc8 14. h3 Re8
15. Rd2 b5 16. Rad1 Bc6 17. Nd5 Nxd5 18. cxd5 Bb7 19. Rc1 Qd8 20. Rd3 f5 21. Bg5
Bf6 22. Bxf6 Qxf6 23. Nd2 Rac8 24. Rc3 Red8 25. Rc5 c6 26. dxc6 Rxc6 27. Rxc6
Bxc6 28. Qxc6 Qxc6 29. Rxc6 Rxd2 30. exf5 gxf5 31. Rxa6 Rxb2 32. Re6 Rb1+ 33.
Kh2 Re1 34. f4 Kf7 35. Rb6 exf4 36. Rxb5 Kf6 37. a4 Ra1 38. Rb4 Kg5 39. Rc4 Ra2
40. Kg1 Ra1+ 1/2-1/2

[Event "56th Biel Master Open"]
[Site "Biel SUI"]
[Date "2023.07.19"]
[Round "3.40"]
[White "Perkampus, Laurin"]
[Black "Coles, Robin"]
[Result "0-1"]
[WhiteElo "2197"]
[BlackElo "2070"]
[WhiteFideId "16232283"]
[BlackFideId "551017814"]
[EventDate "2023.07.17"]

1. d4 d5 2. c4 e6 3. Nc3 Nf6 4. cxd5 exd5 5. Bg5 c6 6. e3 h6 7. Bh4 Be7 8. Bd3
O-O 9. Nge2 Re8 10. O-O Nbd7 11. Qc2 Ne4 12. Bxe7 Qxe7 13. Bxe4 dxe4 14. d5 Nf6
15. dxc6 bxc6 16. Na4 Ba6 17. Rfe1 Bd3 18. Qc5 Qc7 19. Rac1 Ng4 20. Qh5 Ne5 21.
Ng3 Rab8 22. b3 Rb5 23. Qh4 Ng6 24. Qh3 Rd5 25. Nc3 Rg5 26. Nce2 Ba6 27. Nd4 Bc8
28. Rxc6 Qa5 29. Rxc8 Qxe1+ 30. Nf1 Rxc8 31. Qxc8+ Kh7 32. Qc4 Ne5 33. Qc2 Nd3
34. Qd2 Qb1 35. a4 Rc5 36. Ne2 Rc2 37. Qa5 Rc5 38. Qxa7 Qe1 39. Ng3 Qxf2+ 40.
Kh1 Rc1 41. h3 Ne1 0-1

[Event "56th Biel Master Open"]
[Site "Biel SUI"]
[Date "2023.07.19"]
[Round "3.46"]
[White "Ludwig, Peter"]
[Black "Lorscheid, Gerhard"]
[Result "0-1"]
[BlackTitle "FM"]
[WhiteElo "2147"]
[BlackElo "2099"]
[WhiteFideId "4651359"]
[BlackFideId "4606000"]
[EventDate "2023.07.17"]

1. Nf3 d5 2. c4 c6 3. g3 Bg4 4. Bg2 e6 5. O-O Nd7 6. d4 Ngf6 7. Nbd2 Be7 8. b3
O-O 9. Bb2 a5 10. a3 h6 11. Re1 Bf5 12. Ne5 Bh7 13. e3 Qc7 14. Qe2 Rfd8 15. Rac1
Nxe5 16. dxe5 Nd7 17. cxd5 Nxe5 18. Bxe5 Qxe5 19. Nc4 Qc7 20. dxc6 bxc6 21. Qf3
Rab8 22. Qh5 Rb5 23. Qe2 Rxb3 24. Red1 Bd3 25. Qe1 Bxa3 26. Nxa3 Rxa3 27. Rxc6
Qb8 28. Rc3 Rxc3 29. Qxc3 Be2 30. Re1 Qb5 31. Bc6 Qa6 32. Be4 Bg4 33. Ra1 Bh3
34. Qe5 Qe2 0-1

[Event "56th Biel Master Open"]
[Site "Biel SUI"]
[Date "2023.07.19"]
[Round "3.47"]
[White "Schnell, Simon"]
[Black "Jaksland, Tim"]
[Result "1/2-1/2"]
[BlackTitle "FM"]
[WhiteElo "2029"]
[BlackElo "2136"]
[WhiteFideId "1345311"]
[BlackFideId "1401084"]
[EventDate "2023.07.17"]

1. d4 Nf6 2. c4 e6 3. Nc3 Bb4 4. e3 O-O 5. Bd2 d5 6. Nf3 b6 7. cxd5 exd5 8. Bd3
Bd6 9. Rc1 c5 10. O-O Re8 11. Nb5 Bf8 12. Ne5 Bb7 13. f3 Nc6 14. Nxc6 Bxc6 15.
Nc3 Qd7 16. Bb1 Rad8 17. Ne2 Bb5 18. Re1 Bd6 19. Ng3 Qc7 20. Kf2 Qb8 21. Bc3 c4
22. Nf1 Bd7 23. Kg1 b5 24. a3 Bc6 25. Qd2 Re7 26. Qf2 Ree8 27. Qh4 Be7 28. Qf2
Bd6 29. Kh1 Qc7 30. Qd2 Ra8 31. Ba5 Qb7 32. Re2 Rab8 33. Bb4 Qc7 34. Rce1 Bxb4
35. axb4 Rbd8 36. Ng3 Qd7 37. Qc3 a6 38. Rd1 h5 39. Ree1 Qc7 40. Bc2 Re7 41. Nf1
Qd6 42. Ra1 Ba8 43. Kg1 1/2-1/2

[Event "56th Biel Master Open"]
[Site "Biel SUI"]
[Date "2023.07.19"]
[Round "3.48"]
[White "Misiano, Franco"]
[Black "Stijve, Niels"]
[Result "1-0"]
[WhiteTitle "FM"]
[WhiteElo "2133"]
[BlackElo "2088"]
[WhiteFideId "804746"]
[BlackFideId "1331124"]
[EventDate "2023.07.17"]

1. e4 c5 2. Nf3 e6 3. d4 cxd4 4. Nxd4 a6 5. Nc3 b5 6. Bd3 Qb6 7. Nf3 Qc7 8. O-O
Bb7 9. Re1 Be7 10. Bd2 Nc6 11. a4 b4 12. Na2 Nf6 13. e5 Ng4 14. Bf4 f6 15. h3
fxe5 16. Bg3 Nf6 17. Nxe5 Nxe5 18. Bxe5 Qc6 19. f3 Bc5+ 20. Kh1 O-O 21. c3 bxc3
22. Nxc3 Nh5 23. Ne4 Bb4 24. Rc1 Qb6 25. Rf1 Rf5 26. Bh2 d5 27. Ng3 Rg5 28. Nxh5
Rxh5 29. Qe2 Re8 30. Be5 Bd6 31. f4 Rh4 32. Qe1 Rh6 33. Qg3 Re7 34. Kh2 Rf7 35.
a5 Qd8 36. Rfe1 Qb8 37. Rc2 d4 38. Rc4 Bxe5 39. fxe5 Qd8 40. b4 Rh4 41. Rc2 Rhf4
42. Bc4 Qc7 43. Qxf4 Rxf4 44. Bxe6+ Qf7 45. Bxf7+ Rxf7 46. e6 Re7 47. Rd2 Bc8
48. Rxd4 Bxe6 49. Rd6 Kf7 50. Rxa6 1-0

[Event "56th Biel Master Open"]
[Site "Biel SUI"]
[Date "2023.07.19"]
[Round "3.49"]
[White "Giacomini, Hector"]
[Black "Hornung, Hans"]
[Result "0-1"]
[WhiteElo "2126"]
[BlackElo "2047"]
[WhiteFideId "605352"]
[BlackFideId "4615140"]
[EventDate "2023.07.17"]

1. Nf3 Nf6 2. e3 g6 3. d4 Bg7 4. c4 O-O 5. Be2 d6 6. Nc3 Nbd7 7. O-O e5 8. Qc2
Re8 9. Rd1 e4 10. Nd2 Qe7 11. b4 Nf8 12. a4 Bf5 13. b5 Ne6 14. Nf1 Ng4 15. Nd5
Qh4 16. Bxg4 Bxg4 17. Re1 c6 18. bxc6 bxc6 19. Nc3 Ng5 20. Ba3 Nf3+ 21. Kh1 Rad8
22. Red1 f5 23. Ra2 c5 24. Nb5 a6 25. Nxd6 Rxd6 26. Bxc5 Rc6 27. Rb1 g5 28. Rb6
Rxc5 29. Qb3 Nxd4 30. exd4 Bxd4 31. Rb8 Re5 32. c5+ Kf8 33. Rd2 Bxf2 34. Rd7 Qh5
35. Rbb7 R5e7 36. c6 f4 37. Rxe7 Rxe7 38. Rb8+ Re8 39. Qb4+ Kf7 40. Rb7+ Kg6 41.
Qd6+ Be6 42. c7 Kf5 43. Rb8 f3 44. Rb2 fxg2+ 45. Kxg2 Qf3# 0-1

[Event "56th Biel Master Open"]
[Site "Biel SUI"]
[Date "2023.07.21"]
[Round "5.10"]
[White "Wang, Chen"]
[Black "Jain, Kashish Manoj"]
[Result "1-0"]
[WhiteTitle "IM"]
[BlackTitle "FM"]
[WhiteElo "2477"]
[BlackElo "2375"]
[WhiteFideId "8601020"]
[BlackFideId "35081098"]
[EventDate "2023.07.17"]

1. e4 c5 2. Nf3 d6 3. Bb5+ Nd7 4. Ba4 Nf6 5. O-O g6 6. Qe2 Bg7 7. c3 O-O 8. d4
e5 9. dxe5 dxe5 10. c4 Nb6 11. Bb3 Bg4 12. Nc3 Ne8 13. Be3 Qe7 14. Rfd1 Kh8 15.
h3 Bxf3 16. Qxf3 Rc8 17. a4 a5 18. Nb5 Nc7 19. Nd6 Ne6 20. Nxc8 Rxc8 21. Qe2 Nd4
22. Bxd4 cxd4 23. c5 Nd7 24. Qb5 Nxc5 25. Rac1 Bf8 26. Bd5 Qc7 27. Rc4 Kg7 28.
Rdc1 b6 29. b4 axb4 30. Rxb4 Rd8 31. Qxb6 Qxb6 32. Rxb6 Nxa4 33. Rb7 Nc3 34.
Rxf7+ Kh6 35. Kf1 Bb4 36. Rb7 Ba5 37. Ra7 Bb4 38. Rb7 Ba5 39. Ra1 Nxd5 40. Rxa5
Nc3 41. Raa7 Nxe4 42. Rxh7+ Kg5 43. Rhf7 Rb8 44. g3 d3 45. Kg2 Rb2 46. h4+ Kh5
47. Kh3 1-0

[Event "56th Biel Master Open"]
[Site "Biel SUI"]
[Date "2023.07.21"]
[Round "5.21"]
[White "Meshkovs, Nikita"]
[Black "Karthik, Rajaa"]
[Result "1-0"]
[WhiteTitle "GM"]
[BlackTitle "FM"]
[WhiteElo "2565"]
[BlackElo "2276"]
[WhiteFideId "11602740"]
[BlackFideId "25035215"]
[EventDate "2023.07.17"]

1. d4 Nf6 2. Bg5 g6 3. Nd2 d5 4. e3 Bg7 5. Bd3 c5 6. c3 Qb6 7. Rb1 Bd7 8. Ngf3
Bb5 9. Bxb5+ Qxb5 10. a4 Qb6 11. O-O Nbd7 12. Qe2 O-O 13. Rfd1 Rfe8 14. h3 Qc6
15. Ra1 Rac8 16. Bf4 Qb6 17. Qb5 Qc6 18. Nb3 a6 19. Qxc6 bxc6 20. Ne5 c4 21. Na5
Nxe5 22. Bxe5 Nd7 23. Bg3 e5 24. Rab1 exd4 25. exd4 c5 26. dxc5 Nxc5 27. Rxd5
Nxa4 28. Rd2 Rc5 29. Nb7 Rb5 30. Nd6 Rd8 31. Rc2 Rb3 32. Nxc4 Nxc3 33. Ra1 Nb5
34. Rxa6 Nd4 35. Rd2 Bh6 36. Bh4 Bxd2 37. Bxd8 Bf4 38. Bf6 Ne6 39. Ra8+ Rb8 40.
Rxb8+ Bxb8 41. Kf1 Kf8 42. Ke2 Ke8 43. Be5 Bxe5 44. Nxe5 f6 45. Nd3 Kd7 46. Ke3
Kc6 47. Ke4 Nc7 48. h4 Nb5 49. Nf4 Nd6+ 50. Kd3 Nf7 51. Kd4 Nd6 52. g3 Nf5+ 53.
Ke4 Kd6 54. Nd5 Ke6 55. Ne3 Ne7 56. b4 Kd6 57. Kd4 Nc6+ 58. Kc3 Ke5 59. b5 Nd8
60. Ng4+ Kf5 61. f3 h5 62. Nf2 g5 63. g4+ Kg6 64. gxh5+ Kxh5 65. hxg5 fxg5 66.
Kd4 Kh4 67. Ke3 Nc6 68. b6 Nd8 69. Ne4 Kh5 70. Kd4 Kh4 71. Kd5 g4 72. fxg4 Kxg4
73. Nc5 Kf5 74. Kd6 Nf7+ 75. Kc7 1-0

[Event "56th Biel Master Open"]
[Site "Biel SUI"]
[Date "2023.07.21"]
[Round "5.38"]
[White "Matta, Vinay Kumar"]
[Black "Coles, Ruben"]
[Result "0-1"]
[WhiteTitle "FM"]
[WhiteElo "2111"]
[BlackElo "2167"]
[WhiteFideId "5016649"]
[BlackFideId "551017822"]
[EventDate "2023.07.17"]

1. e4 e6 2. d4 d5 3. e5 c5 4. c3 Nc6 5. Nf3 Qb6 6. Bd3 cxd4 7. O-O Bd7 8. h4 a6
9. Qe2 Nge7 10. Nbd2 dxc3 11. bxc3 Ng6 12. Nb3 Qc7 13. Re1 f6 14. exf6 gxf6 15.
Qc2 O-O-O 16. Bxg6 hxg6 17. Qxg6 Bd6 18. Qxf6 Rdf8 19. Qg7 e5 20. Bg5 e4 21.
Nfd4 Be5 22. Qg6 Nxd4 23. Nxd4 Bxd4 24. cxd4 Bf5 25. Qxf5+ Rxf5 26. Rac1 Rf7 27.
Rxc7+ Rxc7 28. g4 Rf7 29. Kg2 Rg8 30. Re3 Rgf8 31. Rc3+ Kd7 32. Rc2 Rf3 33. Be3
Rg8 34. g5 Rh8 35. Rc5 Kd6 36. Rc1 Rxh4 37. Rc8 Rg4+ 38. Kf1 Rf7 39. Rd8+ Kc6
40. Ke2 Rg1 41. Rg8 Rf5 42. g6 Rf6 43. g7 Rfg6 44. Bh6 Kb5 45. Rc8 Ka4 46. Ke3
Ka3 47. Kf4 Kxa2 48. Ke5 b5 49. Kxd5 b4 50. Ra8 Rxh6 51. g8=Q Rxg8 52. Rxg8 b3
53. Kxe4 b2 54. Rb8 0-1

[Event "56th Biel Master Open"]
[Site "Biel SUI"]
[Date "2023.07.21"]
[Round "5.39"]
[White "Adocchio, Giampiero"]
[Black "Prieb, Robert"]
[Result "1/2-1/2"]
[BlackTitle "CM"]
[WhiteElo "2165"]
[BlackElo "2060"]
[WhiteFideId "4666011"]
[BlackFideId "16212002"]
[EventDate "2023.07.17"]

1. d4 d5 2. Nf3 Nf6 3. e3 g6 4. Bd3 Bg7 5. Nbd2 O-O 6. O-O c5 7. c3 Nc6 8. dxc5
Nd7 9. Nb3 a5 10. a4 Qc7 11. Be2 e6 12. Nfd4 Ne7 13. Nb5 Qc6 14. N5d4 Qc7 15.
Nb5 Qc6 16. N3d4 Qxc5 17. b4 Qb6 18. bxa5 Qd8 19. Ba3 Be5 20. f4 Bb8 21. Qe1 Re8
22. c4 e5 23. fxe5 Nxe5 24. c5 N7c6 25. Qf2 Rxa5 26. Bb2 f5 27. Bc3 Ra8 28. Nxc6
bxc6 29. Nd4 Qe7 30. Kh1 Qxc5 31. Bb2 Qd6 32. Qh4 Qe7 33. Qh6 Qf8 34. Qh4 Qe7
35. Qh6 c5 36. Ba3 Nf7 37. Qh3 f4 38. Qf3 Qe4 39. Bxc5 1/2-1/2

[Event "56th Biel Master Open"]
[Site "Biel SUI"]
[Date "2023.07.21"]
[Round "5.47"]
[White "Perkampus, Laurin"]
[Black "Erne, Raphael"]
[Result "0-1"]
[WhiteElo "2197"]
[BlackElo "2077"]
[WhiteFideId "16232283"]
[BlackFideId "1341928"]
[EventDate "2023.07.17"]

1. d4 d5 2. c4 c6 3. Nc3 Nf6 4. e3 e6 5. Nf3 Nbd7 6. Qc2 Bd6 7. Bd3 dxc4 8. Bxc4
b5 9. Be2 Bb7 10. O-O O-O 11. e4 e5 12. dxe5 Nxe5 13. Nd4 Neg4 14. g3 Bc5 15.
Nf5 Qb6 16. Kg2 Bc8 17. h3 Bxf5 18. exf5 Ne5 19. Bg5 Ned7 20. Rad1 h6 21. Bf4
Rad8 22. g4 Bd4 23. Bg3 Rfe8 24. Rfe1 a6 25. Bf3 c5 26. Ne4 Ne5 27. Nxf6+ Qxf6
28. Bxe5 Rxe5 29. Rxe5 Qxe5 30. Qe2 Qf6 31. b3 h5 32. Qe4 c4 33. bxc4 bxc4 34.
gxh5 c3 35. Kf1 Qb6 36. h6 Qxh6 37. Bg2 Qb6 38. Rb1 Qc5 39. Qc2 Bxf2 40. Qxf2 c2
41. Qxc5 cxb1=Q+ 42. Kf2 Qxa2+ 43. Kg3 Qd2 44. Qc4 Qd3+ 45. Qxd3 Rxd3+ 46. Kf4
a5 47. h4 a4 48. Be4 Rd4 49. Ke5 Rxe4+ 50. Kxe4 a3 0-1

[Event "56th Biel Master Open"]
[Site "Biel SUI"]
[Date "2023.07.21"]
[Round "5.48"]
[White "Schnell, Simon"]
[Black "Gemelli, Romain"]
[Result "0-1"]
[WhiteElo "2029"]
[BlackElo "2122"]
[WhiteFideId "1345311"]
[BlackFideId "1336401"]
[EventDate "2023.07.17"]

1. d4 Nf6 2. c4 e6 3. Nc3 Bb4 4. e3 O-O 5. Ne2 c6 6. a3 Ba5 7. Ng3 d5 8. cxd5
exd5 9. Bd3 Re8 10. O-O Nbd7 11. f3 Nf8 12. Qc2 Ne6 13. Qf2 Bc7 14. Bd2 h5 15.
Rfe1 g6 16. Rad1 Qd6 17. Bc1 Bd7 18. Bb1 Qe7 19. Nf1 Rad8 20. h3 Bc8 21. e4 dxe4
22. fxe4 Nxd4 23. Be3 Ne6 24. Bxa7 Rxd1 25. Rxd1 Rd8 26. Rxd8+ Qxd8 27. Be3 Nd7
28. Ne2 Ne5 29. Nd4 Nc4 30. Nxe6 Bxe6 31. Bd4 Be5 32. Bxe5 Nxe5 33. Ne3 Qd4 34.
h4 b5 35. g3 Bg4 36. Ba2 Nf3+ 37. Kh1 Qxe4 38. Ng2 Qd3 39. Ne3 Kg7 40. Nxg4 hxg4
41. Kg2 Qd1 42. b4 Qc1 43. Bb3 Qxa3 44. Bd1 Qxb4 45. Bxf3 gxf3+ 46. Qxf3 Qd2+
47. Kg1 Qd4+ 48. Kh2 Qd5 49. Qc3+ Kh7 50. g4 c5 51. Qf6 b4 52. h5 gxh5 53. g5
Qd2+ 54. Kh1 Qd1+ 55. Kg2 Qc2+ 56. Kh1 Qg6 57. Qe5 b3 58. Kg2 c4 59. Kh3 Qe6+ 0-1

[Event "56th Biel Master Open"]
[Site "Biel SUI"]
[Date "2023.07.24"]
[Round "7.21"]
[White "Karthik, Rajaa"]
[Black "Morawietz, Dieter"]
[Result "1/2-1/2"]
[WhiteTitle "FM"]
[BlackTitle "IM"]
[WhiteElo "2276"]
[BlackElo "2396"]
[WhiteFideId "25035215"]
[BlackFideId "4603508"]
[EventDate "2023.07.17"]

1. d4 Nf6 2. c4 e6 3. Nc3 Bb4 4. e3 b6 5. Ne2 Ba6 6. a3 Bxc3+ 7. Nxc3 d5 8. b3
Nc6 9. a4 O-O 10. Be2 Re8 11. a5 bxa5 12. O-O Rb8 13. Re1 Qe7 14. Ra4 Red8 15.
Ba3 Qe8 16. Qc2 Bc8 17. cxd5 exd5 18. Bb5 a6 19. Bxc6 Qxc6 20. Bc5 Re8 21. Rxa5
Re6 22. f3 Qb7 23. b4 Bd7 24. Qd3 Rbe8 25. Ra2 h5 26. Rae2 Bb5 27. Nxb5 Qxb5 28.
Qxb5 axb5 29. Kf2 Ra8 30. h4 Ra3 31. Rc1 Nd7 32. Rce1 f5 33. Kg3 Kf7 34. Kf4 g6
35. Kg3 Rea6 36. Kh2 Re6 37. Kg3 Nb8 38. Kh2 Nc6 39. e4 fxe4 40. fxe4 Rxe4 41.
Rxe4 dxe4 42. Rxe4 Rd3 43. g4 hxg4 44. Rxg4 Kf6 45. Rf4+ Kg7 46. Kg2 Kh6 47. Re4
Kh5 48. Kf2 Nb8 49. Ke2 Rb3 50. d5 Na6 51. Be7 Kh6 52. Kd2 Rf3 53. Re6 Nb8 54.
Re5 Nd7 55. Bg5+ Kh5 56. Re7 Nb6 57. Rxc7 Rf5 58. Rc5 Rxd5+ 59. Ke3 Rf5 60. Ke4
Nc4 61. Kd4 Kg4 62. Rd5 Rxd5+ 63. Kxd5 Na3 64. Kc5 Kh5 65. Bc1 Nc2 66. Bg5 Na3
67. Bc1 Nc2 68. Kxb5 Nxb4 69. Kxb4 1/2-1/2